[Event "NVM U16 2015"]
[Site "Kiel"]
[Date "2015.09.10"]
[Round "1.1"]
[White "Schmekel, Florian"]
[Black "Böhning, Kilian"]
[Result "0-1"]
[WhiteElo "1891"]
[BlackElo "2016"]
[PlyCount "120"]
[EventDate "2015.??.??"]
[WhiteTeam "SAV Torgelow-Drögeheide 90"]
[BlackTeam "Hagener SV"]

1. d4 f5 2. Nf3 g6 3. h4 Nf6 4. h5 Nxh5 5. Rxh5 gxh5 6. e4 Bg7 7. Nh4 O-O 8.
Nxf5 Rxf5 9. exf5 d5 10. Qxh5 Bxd4 11. Bd3 Qf8 12. c3 Bg7 13. f6 Qxf6 14. Bxh7+
Kf8 15. Qxd5 Qe6+ 16. Qxe6 Bxe6 17. Be4 c6 18. Nd2 Nd7 19. Nb3 a5 20. Be3 a4
21. Nd4 Bf7 22. a3 Ne5 23. Rd1 Nc4 24. Bc1 Nd6 25. Bc2 Bd5 26. f3 Be5 27. Kf2
Kf7 28. Nf5 Nc4 29. Ne3 Nb6 30. Nxd5 Nxd5 31. Re1 Bd6 32. Re4 Bc5+ 33. Ke2 Rg8
34. g4 Rh8 35. c4 Rh2+ 36. Kd3 Nf6 37. Rf4 Bd6 38. g5 Bxf4 39. Bxf4 Rh4 40. Ke3
Nh5 41. Be5 Rxc4 42. Bf5 Ng7 43. Bd3 Rc1 44. f4 e6 45. Kd2 Rg1 46. Bc2 Nf5 47.
Bxa4 Nh4 48. Bb3 Nf3+ 49. Kd3 Nxe5+ 50. fxe5 Rxg5 51. Kd4 Ke7 52. a4 b6 53. Bd1
Kd7 54. b4 Rg2 55. Bb3 Rg4+ 56. Kc3 Rg3+ 57. Kb2 Re3 58. a5 bxa5 59. bxa5 Rxe5
60. a6 Kc7 0-1

[Event "NVM U16 2015"]
[Site "Kiel"]
[Date "2015.09.10"]
[Round "1.2"]
[White "Balazs, Balint"]
[Black "Kasel, Alexander"]
[Result "1-0"]
[WhiteElo "1894"]
[BlackElo "1689"]
[PlyCount "67"]
[EventDate "2015.??.??"]
[WhiteTeam "Hagener SV"]
[BlackTeam "SAV Torgelow-Drögeheide 90"]

1. d4 Nf6 2. Nc3 d5 3. Bf4 Bf5 4. Qd2 e6 5. f3 c5 6. O-O-O Nc6 7. e3 a6 8. Kb1
b5 9. dxc5 Bxc5 10. g4 Bg6 11. h4 h5 12. g5 Nd7 13. Bd3 Nde5 14. Bxe5 Nxe5 15.
Bxg6 Nxg6 16. f4 Ne7 17. Nf3 Nf5 18. Nd4 Bxd4 19. exd4 Rc8 20. Qd3 O-O 21. Rde1
Qb6 22. Nxd5 exd5 23. Qxf5 Qxd4 24. c3 Qc4 25. Rd1 Rcd8 26. Rhe1 Rd6 27. Rd4
Qc6 28. Qd3 Qd7 29. f5 Kh8 30. Qf3 f6 31. Re2 Qf7 32. g6 Qd7 33. Qxh5+ Kg8 34.
Qh7# 1-0

[Event "NVM U16 2015"]
[Site "Kiel"]
[Date "2015.09.10"]
[Round "1.3"]
[White "Trömer, Felix"]
[Black "Laubrock, Paul"]
[Result "0-1"]
[WhiteElo "1481"]
[BlackElo "1866"]
[PlyCount "88"]
[EventDate "2015.??.??"]
[WhiteTeam "SAV Torgelow-Drögeheide 90"]
[BlackTeam "Hagener SV"]

1. e4 c5 2. Nf3 Nc6 3. d3 g6 4. g3 Bg7 5. Bg2 e6 6. O-O Nge7 7. Nbd2 O-O 8. Re1
d5 9. c3 Qb6 10. Qb3 Qxb3 11. Nxb3 d4 12. cxd4 cxd4 13. Bd2 Rd8 14. Rac1 a5 15.
a4 e5 16. Re2 b6 17. Ne1 Be6 18. Na1 Rac8 19. f4 f6 20. fxe5 Nxe5 21. Nf3 Rxc1+
22. Bxc1 Bg4 23. Rf2 Nxd3 24. Rf1 Nc6 25. b3 Nce5 26. Ba3 Nxf3+ 27. Bxf3 Bxf3
28. Rxf3 Ne5 29. Rf1 Rc8 30. Be7 Kf7 31. Ba3 Bh6 32. Rd1 Ng4 33. Bb2 Be3+ 34.
Kg2 Nf2 35. Rf1 Nxe4 36. Rd1 Nf2 37. Rf1 Nd3 38. Ba3 Ne5 39. Bb2 Ke6 40. Rd1
Kd5 41. Kf1 Ke4 42. Ke2 Ng4 43. Rf1 d3+ 44. Ke1 d2+ 0-1

[Event "NVM U16 2015"]
[Site "Kiel"]
[Date "2015.09.10"]
[Round "1.4"]
[White "Hoppe, Andreas"]
[Black "Bollnow, Alex"]
[Result "1-0"]
[WhiteElo "1847"]
[BlackElo "1353"]
[PlyCount "73"]
[EventDate "2015.??.??"]
[WhiteTeam "Hagener SV"]
[BlackTeam "SAV Torgelow-Drögeheide 90"]

1. e4 c5 2. Nf3 Nc6 3. d4 cxd4 4. Nxd4 g6 5. Be3 Bg7 6. Nc3 Nf6 7. f3 O-O 8.
Qd2 d5 9. Nxc6 bxc6 10. e5 Nd7 11. f4 e6 12. Na4 Qc7 13. Nc5 a5 14. g4 Nxc5 15.
Bxc5 Rd8 16. Qd4 Rd7 17. h4 Ba6 18. h5 g5 19. h6 Bh8 20. Bxa6 Rxa6 21. Rh5 f6
22. O-O-O Qd8 23. Rf1 Rf7 24. Qd3 Ra8 25. fxg5 f5 26. gxf5 Bxe5 27. g6 Rb7 28.
fxe6 Bxb2+ 29. Kd2 a4 30. Rf8+ Qxf8 31. Bxf8 Rxf8 32. gxh7+ Kh8 33. Rg5 Rxh7
34. c3 Rf2+ 35. Ke1 Rh2 36. Qd4+ Rg7 37. Qxg7# 1-0

[Event "NVM U16 2015"]
[Site "Kiel"]
[Date "2015.09.10"]
[Round "1.1"]
[White "Uksini, Bardhyl"]
[Black "Tiedemann, Fin Niklas"]
[Result "1-0"]
[WhiteElo "2218"]
[BlackElo "1798"]
[PlyCount "59"]
[EventDate "2015.??.??"]
[WhiteTeam "Hamburger SK von 1830 eV"]
[BlackTeam "Lübecker SV von 1873"]

1. d4 Nf6 2. c4 g6 3. Nc3 Bg7 4. e4 d6 5. f4 O-O 6. Nf3 a6 7. Bd3 c5 8. d5 Bd7
9. e5 Ng4 10. h3 Nh6 11. g4 b5 12. Be3 b4 13. Ne2 Qc7 14. Qd2 Nxg4 15. hxg4
Bxg4 16. Ng5 h6 17. Nxf7 Kxf7 18. e6+ Ke8 19. Bxg6+ Kd8 20. O-O-O Qa5 21. Kb1
Rf6 22. Bd3 Qa4 23. Rdg1 h5 24. Ng3 b3 25. a3 Bf3 26. Nxh5 Bxh1 27. Nxg7 Bf3
28. Qf2 Bxd5 29. cxd5 c4 30. Rc1 1-0

[Event "NVM U16 2015"]
[Site "Kiel"]
[Date "2015.09.10"]
[Round "1.2"]
[White "Dörp, Max Marian"]
[Black "Rogozenco, Teodora"]
[Result "0-1"]
[WhiteElo "1620"]
[BlackElo "2057"]
[PlyCount "76"]
[EventDate "2015.??.??"]
[WhiteTeam "Lübecker SV von 1873"]
[BlackTeam "Hamburger SK von 1830 eV"]

1. e4 e5 2. Nf3 Nc6 3. Bc4 Bc5 4. c3 Nf6 5. d3 a6 6. Bb3 Ba7 7. Bc2 h6 8. Nbd2
d5 9. exd5 Qxd5 10. Nf1 Ng4 11. Be3 Nxe3 12. Nxe3 Qc5 13. h3 Be6 14. O-O O-O-O
15. Nd2 g5 16. Ne4 Qe7 17. Qf3 f5 18. Nxf5 Qd7 19. Ne3 Rdf8 20. Qe2 Rf4 21. g3
Rff8 22. g4 Qg7 23. Ng3 h5 24. Nef5 Qd7 25. Qf3 hxg4 26. hxg4 Bd5 27. Ne4 Ne7
28. Nxe7+ Qxe7 29. Qg3 Qh7 30. Kg2 Rf4 31. Rh1 Qg7 32. Rxh8+ Qxh8 33. f3 Qd8
34. Rd1 Qe7 35. Qh3 b5 36. b3 Bxe4 37. dxe4 Qc5 38. Rd3 Qf2+ 0-1

[Event "NVM U16 2015"]
[Site "Kiel"]
[Date "2015.09.10"]
[Round "1.3"]
[White "Foo, Tzun Hong"]
[Black "Kroschel, Anton"]
[Result "1/2-1/2"]
[WhiteElo "1594"]
[BlackElo "1494"]
[PlyCount "64"]
[EventDate "2015.??.??"]
[WhiteTeam "Hamburger SK von 1830 eV"]
[BlackTeam "Lübecker SV von 1873"]

1. e4 c5 2. Nc3 e6 3. Bc4 Nc6 4. Nf3 a6 5. a4 Nf6 6. d3 Qc7 7. Be3 Be7 8. O-O
O-O 9. Qd2 Rd8 10. Bg5 b6 11. Rfe1 d5 12. e5 dxc4 13. exf6 gxf6 14. Bh6 Bb7 15.
Qe2 Kh8 16. dxc4 Nd4 17. Nxd4 Rxd4 18. Nd5 Bxd5 19. cxd5 Rxd5 20. Qf3 Rg8 21.
Re4 Rf5 22. Qh3 Qd8 23. Rh4 Rd5 24. Re1 Rg6 25. Bf8 h5 26. Rxh5+ Rxh5 27. Qxh5+
Kg8 28. Bxe7 Qxe7 29. f4 Qb7 30. g3 Kg7 31. Qe2 Qd5 32. Rd1 Qc6 1/2-1/2

[Event "NVM U16 2015"]
[Site "Kiel"]
[Date "2015.09.10"]
[Round "1.4"]
[White "Stülcken, Philipp"]
[Black "Odzini, Kerim"]
[Result "1/2-1/2"]
[WhiteElo "1438"]
[BlackElo "1440"]
[PlyCount "56"]
[EventDate "2015.??.??"]
[WhiteTeam "Lübecker SV von 1873"]
[BlackTeam "Hamburger SK von 1830 eV"]

1. e4 e5 2. Nf3 Nc6 3. Bc4 Bc5 4. d3 Nf6 5. c3 O-O 6. O-O d6 7. Bg5 h6 8. Be3
Bb6 9. Nbd2 Ng4 10. Bxb6 axb6 11. h3 Nf6 12. Re1 Bd7 13. Nf1 Na5 14. Bb3 Nxb3
15. axb3 Rxa1 16. Qxa1 Qa8 17. Ne3 Qa6 18. Qxa6 bxa6 19. Ra1 Ra8 20. Nd2 g6 21.
Kh2 Kg7 22. g3 Kh7 23. b4 Be6 24. Nec4 b5 25. Ne3 d5 26. f3 c6 27. Kg2 Kg7 28.
Kh2 Kh7 1/2-1/2

[Event "NVM U16 2015"]
[Site "Kiel"]
[Date "2015.09.10"]
[Round "1.1"]
[White "Speck, Jakob"]
[Black "Hartge, Gedeon"]
[Result "0-1"]
[WhiteElo "1701"]
[BlackElo "1967"]
[PlyCount "58"]
[EventDate "2015.??.??"]
[WhiteTeam "SK Weisse Dame Hamburg"]
[BlackTeam "USV Volksbank Halle"]

1. e4 c5 2. Nc3 e6 3. f4 Nc6 4. Nf3 Nge7 5. Bb5 a6 6. Bxc6 Nxc6 7. O-O Be7 8.
d3 O-O 9. Qe1 d5 10. e5 b5 11. Qf2 d4 12. Ne4 Bb7 13. Nfd2 Nb4 14. Nb3 c4 15.
Nxd4 cxd3 16. cxd3 Nxd3 17. Qe3 Nxc1 18. Raxc1 Qd5 19. Rfe1 Rac8 20. Nb3 Rxc1
21. Qxc1 Bb4 22. Re2 Rc8 23. Qe3 Qd1+ 24. Kf2 Rc2 25. Nc3 Qh1 26. Qg3 Rxe2+ 27.
Kxe2 Bxg2 28. Nd2 Bb7 29. Nf3 Qc1 0-1

[Event "NVM U16 2015"]
[Site "Kiel"]
[Date "2015.09.10"]
[Round "1.2"]
[White "Gröbel, Aaron"]
[Black "Lam, Daniel"]
[Result "1-0"]
[WhiteElo "1843"]
[BlackElo "1562"]
[PlyCount "113"]
[EventDate "2015.??.??"]
[WhiteTeam "USV Volksbank Halle"]
[BlackTeam "SK Weisse Dame Hamburg"]

1. e4 c5 2. Nf3 d6 3. d4 cxd4 4. Nxd4 Nf6 5. Nc3 a6 6. Bc4 e6 7. Bb3 Nbd7 8.
O-O Nc5 9. f3 b5 10. Be3 Bb7 11. Qe1 Rc8 12. a3 Nxb3 13. cxb3 Be7 14. Qg3 g6
15. Rad1 O-O 16. Kh1 Qc7 17. Rfe1 Rfd8 18. Bh6 Qc5 19. f4 Qh5 20. Bg5 h6 21.
Bxf6 Bxf6 22. Qe3 Bg7 23. Rd3 Qh4 24. Nf3 Qe7 25. Red1 Kh7 26. h3 Rb8 27. Kh2
Ba8 28. b4 Qc7 29. g4 Qb6 30. Qxb6 Rxb6 31. e5 Bf8 32. Nd2 d5 33. Nf3 Be7 34.
Nd4 Rc8 35. f5 gxf5 36. gxf5 Bg5 37. Rf1 Rg8 38. fxe6 fxe6 39. Rf7+ Rg7 40. Rf8
Bb7 41. Rdf3 Bc1 42. Nd1 Rg5 43. Rc3 Bd2 44. Rc7+ Rg7 45. Rxg7+ Kxg7 46. Rf2
Bg5 47. Kg3 Bc8 48. Rc2 Rb8 49. Rc7+ Kf8 50. Nc6 Ra8 51. Na7 Rxa7 52. Rxa7 Ke8
53. h4 Bd2 54. Rc7 Bd7 55. Rc2 Be1+ 56. Kg4 a5 57. Re2 1-0

[Event "NVM U16 2015"]
[Site "Kiel"]
[Date "2015.09.10"]
[Round "1.3"]
[White "Popist, Florian"]
[Black "Perekhozhuk, Maksym"]
[Result "0-1"]
[WhiteElo "1601"]
[BlackElo "1783"]
[PlyCount "118"]
[EventDate "2015.??.??"]
[WhiteTeam "SK Weisse Dame Hamburg"]
[BlackTeam "USV Volksbank Halle"]

1. e4 c5 2. Nf3 d6 3. d4 cxd4 4. Nxd4 Nf6 5. Nc3 g6 6. Be3 Bg7 7. f3 O-O 8. Qd2
Nc6 9. O-O-O Nxd4 10. Bxd4 Be6 11. Kb1 Qc7 12. g4 Rfc8 13. h4 Qa5 14. Bxf6 Rxc3
15. Qxc3 Qxa2+ 16. Kc1 Bxf6 17. Qa3 Qxa3 18. bxa3 Rc8 19. Bd3 Rc3 20. Kd2 Rxa3
21. h5 Ra2 22. hxg6 hxg6 23. Rhg1 Bg5+ 24. Ke2 Bf6 25. Rb1 b6 26. f4 Bd4 27.
Rg2 Bd7 28. Kf3 Ra3 29. Rb3 Ra1 30. Rb4 Bc5 31. Rb2 a5 32. c4 a4 33. Ra2 Rc1
34. Rae2 Rh1 35. Rh2 Rxh2 36. Rxh2 a3 37. f5 g5 38. Bb1 f6 39. Ba2 Ba4 40. Rh1
Kg7 41. Rb1 Kf8 42. Rh1 Ke8 43. Rh8+ Kd7 44. Ke2 Bc2 45. Kf3 Bd1+ 46. Kg3 Bd4
47. Ra8 Bb2 48. Kg2 Bxg4 49. Ra7+ Kc6 50. Rxe7 Bd1 51. Rh7 Bc2 52. Kf3 Kc5 53.
Ke3 Kb4 54. Kd2 Bb3 55. Bxb3 Kxb3 56. Rh3+ Kxc4 57. Kc2 Kd4 58. Rd3+ Kxe4 59.
Rxd6 Be5 0-1

[Event "NVM U16 2015"]
[Site "Kiel"]
[Date "2015.09.10"]
[Round "1.4"]
[White "Kretzschmar, Arnd"]
[Black "Schramm, David"]
[Result "1-0"]
[WhiteElo "1881"]
[BlackElo "1244"]
[PlyCount "73"]
[EventDate "2015.??.??"]
[WhiteTeam "USV Volksbank Halle"]
[BlackTeam "SK Weisse Dame Hamburg"]

1. d4 d5 2. c4 e6 3. Nc3 Nf6 4. Bg5 Be7 5. e3 O-O 6. cxd5 exd5 7. Bd3 h6 8. Bh4
Nbd7 9. Qc2 b6 10. Nf3 Bb7 11. Bg3 Re8 12. O-O c5 13. Nb5 Rf8 14. Rac1 a6 15.
Nd6 Bc6 16. Nf5 c4 17. Nxe7+ Qxe7 18. Bf5 Rfe8 19. Rfe1 b5 20. Bxd7 Bxd7 21.
Ne5 Ne4 22. Nxd7 Nxg3 23. Nb6 Rad8 24. hxg3 Qd6 25. Nxc4 dxc4 26. a4 Rc8 27.
axb5 axb5 28. Ra1 b4 29. Rec1 b3 30. Qc3 Qc6 31. Ra5 Re7 32. Rc5 Qa6 33. Rxc8+
Qxc8 34. Qxc4 Qb7 35. Qc8+ Qxc8 36. Rxc8+ Kh7 37. Rb8 1-0

[Event "NVM U16 2015"]
[Site "Kiel"]
[Date "2015.09.10"]
[Round "1.1"]
[White "Schnabel, Bennett"]
[Black "Schumacher, Ole"]
[Result "1-0"]
[WhiteElo "2034"]
[BlackElo "1673"]
[PlyCount "81"]
[EventDate "2015.??.??"]
[WhiteTeam "SV Mattnetz Berlin e.V."]
[BlackTeam "SF Schwerin"]

1. e4 c5 2. c3 Nf6 3. e5 Nd5 4. d4 cxd4 5. cxd4 d6 6. Nf3 Nc6 7. Bc4 Nb6 8. Bb5
a6 9. Bxc6+ bxc6 10. O-O g6 11. Nc3 Bg7 12. Bf4 d5 13. Rc1 O-O 14. Na4 Nxa4 15.
Qxa4 Bd7 16. Rc5 Qb6 17. b3 Rfb8 18. e6 fxe6 19. Bxb8 Qxb8 20. Re1 Qf4 21. Rc2
g5 22. Ne5 Bxe5 23. Rxe5 a5 24. Rce2 Qc1+ 25. Re1 Qb2 26. R5e2 Qc3 27. Qa3 Re8
28. Qb2 Qd3 29. Re3 Qf5 30. Qd2 h6 31. Qxa5 Qf4 32. Qc3 Rf8 33. Rf3 Qd6 34.
Rxf8+ Kxf8 35. a4 Bc8 36. Rc1 Bb7 37. a5 Qa3 38. Ra1 Qd6 39. a6 Ba8 40. a7 Kg7
41. Qa5 1-0

[Event "NVM U16 2015"]
[Site "Kiel"]
[Date "2015.09.10"]
[Round "1.2"]
[White "Focke, Adrian"]
[Black "Hesse, Henrik"]
[Result "1-0"]
[WhiteElo "1643"]
[BlackElo "1903"]
[PlyCount "55"]
[EventDate "2015.??.??"]
[WhiteTeam "SF Schwerin"]
[BlackTeam "SV Mattnetz Berlin e.V."]

1. e4 e5 2. Nf3 Nf6 3. Nxe5 d6 4. Nf3 Nxe4 5. d3 Nf6 6. Be2 g6 7. Bg5 Bg7 8.
Nc3 O-O 9. Qd2 c6 10. O-O Qc7 11. Bh6 Bg4 12. Bxg7 Kxg7 13. h3 Bxf3 14. Bxf3
Nbd7 15. Rfe1 Rfe8 16. Rxe8 Rxe8 17. Re1 Rxe1+ 18. Qxe1 Ne5 19. Qe3 Qa5 20. a3
b5 21. Ne4 Nxf3+ 22. Qxf3 Qe1+ 23. Kh2 Nxe4 24. Qxe4 Qxe4 25. dxe4 a5 26. Kg3
Kf6 27. Kf4 h6 28. h4 1-0

[Event "NVM U16 2015"]
[Site "Kiel"]
[Date "2015.09.10"]
[Round "1.3"]
[White "Acikel, Mert"]
[Black "Stuppe, Hannes"]
[Result "1-0"]
[WhiteElo "1807"]
[BlackElo "1415"]
[PlyCount "59"]
[EventDate "2015.??.??"]
[WhiteTeam "SV Mattnetz Berlin e.V."]
[BlackTeam "SF Schwerin"]

1. e4 e6 2. d4 d5 3. Nd2 Nc6 4. c3 e5 5. exd5 Qxd5 6. Qf3 Be6 7. Bc4 Qxf3 8.
Ngxf3 Bxc4 9. Nxc4 exd4 10. Nxd4 Nxd4 11. cxd4 Bb4+ 12. Ke2 O-O-O 13. Ne5 Re8
14. Kd3 Ne7 15. a3 Ba5 16. Be3 f6 17. Nc4 Bb6 18. a4 c6 19. Nd6+ Kc7 20. Nxe8+
Rxe8 21. a5 Rd8 22. axb6+ axb6 23. Ke2 Nf5 24. Rhd1 Rd5 25. Rac1 Ne7 26. Bf4+
Kd7 27. Ra1 Rb5 28. Rd2 Nd5 29. Bg3 f5 30. Be5 1-0

[Event "NVM U16 2015"]
[Site "Kiel"]
[Date "2015.09.10"]
[Round "1.4"]
[White "Kummer, Birte"]
[Black "Klodt, Daniel"]
[Result "1-0"]
[WhiteElo "1422"]
[BlackElo "1639"]
[PlyCount "87"]
[EventDate "2015.??.??"]
[WhiteTeam "SF Schwerin"]
[BlackTeam "SV Mattnetz Berlin e.V."]

1. e4 e6 2. d4 d5 3. e5 c5 4. Nf3 cxd4 5. Nxd4 Nc6 6. Bf4 a6 7. c3 Nge7 8. Bg3
Qb6 9. Nb3 Ng6 10. f4 Be7 11. Bf2 Qc7 12. Qf3 Bd7 13. Bg3 Na5 14. N1d2 b5 15.
Nxa5 Qxa5 16. Be2 Rc8 17. O-O O-O 18. Nb3 Qb6+ 19. Bf2 Qc7 20. Be3 f6 21. exf6
Bxf6 22. g3 Bc6 23. Qg4 Rfe8 24. Nd4 Bxd4 25. Bxd4 e5 26. fxe5 Nxe5 27. Qg5 Nc4
28. Bh5 Rf8 29. b3 Nd6 30. Bf3 Ne4 31. Bxe4 dxe4 32. Be5 Qd7 33. Bd4 b4 34. Rf4
bxc3 35. Bxc3 Qa7+ 36. Kg2 e3+ 37. Kh3 Bd7+ 38. g4 Rxc3 39. Qd5+ Be6 40. Qxe6+
Qf7 41. Rxf7 Rxf7 42. Re1 Rc2 43. Rxe3 Rxa2 44. Rf3 1-0

[Event "NVM U16 2015"]
[Site "Kiel"]
[Date "2015.09.10"]
[Round "1.1"]
[White "Reyher, Susan"]
[Black "Rieper, Julian"]
[Result "0-1"]
[WhiteElo "1562"]
[BlackElo "1976"]
[PlyCount "54"]
[EventDate "2015.??.??"]
[WhiteTeam "SV Glück auf Rüdersdorf e.V."]
[BlackTeam "SK Doppelbauer Kiel"]

1. e4 e5 2. Bc4 Nc6 3. Nc3 Nf6 4. d3 Bb4 5. Nge2 d5 6. exd5 Nxd5 7. Bxd5 Qxd5
8. O-O Qe6 9. f4 Bd7 10. fxe5 Nxe5 11. Nf4 Qb6+ 12. d4 Bxc3 13. bxc3 O-O-O 14.
Nd5 Qe6 15. Nf4 Qb6 16. Nd5 Qa5 17. Ne7+ Kb8 18. dxe5 Qc5+ 19. Qd4 Qxe7 20. Be3
b6 21. c4 Rhe8 22. Bf4 g5 23. Bc1 Bc6 24. Qe3 Qxe5 25. Qxe5 Rxe5 26. Rxf7 Re2
27. Rf2 Rd1+ 0-1

[Event "NVM U16 2015"]
[Site "Kiel"]
[Date "2015.09.10"]
[Round "1.2"]
[White "Karlisch, Moritz"]
[Black "Gohlke, Tobias"]
[Result "1-0"]
[WhiteElo "1767"]
[BlackElo "1446"]
[PlyCount "59"]
[EventDate "2015.??.??"]
[WhiteTeam "SK Doppelbauer Kiel"]
[BlackTeam "SV Glück auf Rüdersdorf e.V."]

1. d4 d5 2. c4 e6 3. Nc3 Nf6 4. cxd5 exd5 5. Bg5 Be7 6. Qc2 Nbd7 7. e3 O-O 8.
Bd3 b6 9. Nge2 Bb7 10. O-O c5 11. Ng3 h6 12. Bxf6 Nxf6 13. Nf5 Re8 14. dxc5
Bxc5 15. Rfd1 a6 16. Rac1 Rc8 17. a4 Bb4 18. Qb3 Bc5 19. Be2 Re5 20. Nd4 Bxd4
21. Rxd4 Ne4 22. Rcd1 Nxc3 23. bxc3 Qf6 24. c4 dxc4 25. Bxc4 Rg5 26. e4 Re5 27.
f3 Ree8 28. Rd6 Qf4 29. Rd7 Rb8 30. Rxf7 1-0

[Event "NVM U16 2015"]
[Site "Kiel"]
[Date "2015.09.10"]
[Round "1.3"]
[White "Giese, Patrick"]
[Black "Behringer, Tom"]
[Result "0-1"]
[WhiteElo "1569"]
[BlackElo "1628"]
[PlyCount "88"]
[EventDate "2015.??.??"]
[WhiteTeam "SV Glück auf Rüdersdorf e.V."]
[BlackTeam "SK Doppelbauer Kiel"]

1. e4 e6 2. d4 d5 3. exd5 exd5 4. Bd3 Bd6 5. Nf3 Ne7 6. O-O O-O 7. Bg5 f6 8.
Bh4 Bf5 9. Bxf5 Nxf5 10. Bg3 Nxg3 11. hxg3 Nc6 12. c3 Ne7 13. Nbd2 Nf5 14. Kh2
Re8 15. Rh1 Qe7 16. Nf1 Qe2 17. Qb3 c6 18. Kg1 b6 19. Re1 Qd3 20. Rd1 Qe4 21.
Re1 Qg4 22. Qd1 Qg6 23. Nh4 Nxh4 24. Rxh4 Rxe1 25. Qxe1 Re8 26. Qd2 Re4 27. Ne3
Rxh4 28. gxh4 Qb1+ 29. Qd1 Qxb2 30. Qb3 Qxb3 31. axb3 Kf7 32. f3 Bf4 33. Kf2
Bxe3+ 34. Kxe3 Ke6 35. g4 a5 36. f4 f5 37. g5 g6 38. Kd3 Kd6 39. Kc2 c5 40. Kb2
Kc6 41. Ka3 cxd4 42. cxd4 Kb5 43. b4 Kc4 44. bxa5 bxa5 0-1

[Event "NVM U16 2015"]
[Site "Kiel"]
[Date "2015.09.10"]
[Round "1.4"]
[White "Arndt, Magnus"]
[Black "Richter, Robert"]
[Result "1-0"]
[WhiteElo "1744"]
[BlackElo "1396"]
[PlyCount "67"]
[EventDate "2015.??.??"]
[WhiteTeam "SK Doppelbauer Kiel"]
[BlackTeam "SV Glück auf Rüdersdorf e.V."]

1. e4 c5 2. Nf3 d6 3. Bb5+ Bd7 4. Bxd7+ Qxd7 5. O-O Nf6 6. Qe2 Nc6 7. Rd1 e6 8.
d4 cxd4 9. Nxd4 Be7 10. c4 O-O 11. Nc3 a6 12. b3 Rac8 13. Bb2 Qc7 14. Nxc6 bxc6
15. Na4 Qb7 16. e5 dxe5 17. Bxe5 Rfd8 18. Rxd8+ Rxd8 19. Rd1 Rc8 20. Bxf6 Bxf6
21. Nc5 Qe7 22. Ne4 Be5 23. c5 Bc7 24. Qxa6 Qe8 25. Nd6 Bxd6 26. cxd6 Qd7 27.
Qc4 Rb8 28. a4 Rd8 29. b4 Qb7 30. b5 cxb5 31. axb5 h6 32. Qc6 Qb8 33. d7 Kh8
34. b6 1-0

[Event "NVM U16 2015"]
[Site "Kiel"]
[Date "2015.09.10"]
[Round "1.1"]
[White "Killgus, Leonard"]
[Black "Kiesel, Lucas"]
[Result "1-0"]
[WhiteElo "1889"]
[BlackElo "1735"]
[PlyCount "119"]
[EventDate "2015.??.??"]
[WhiteTeam "SK Johanneum Eppendorf"]
[BlackTeam "SV Laatzen"]

1. e4 d6 2. d4 Nf6 3. Nc3 g6 4. f3 c6 5. Be3 b5 6. Qd2 h6 7. O-O-O Qa5 8. Kb1
Nbd7 9. g4 Nb6 10. Nd5 Qxd2 11. Nxf6+ exf6 12. Bxd2 h5 13. d5 Bb7 14. Bc3 Be7
15. dxc6 Bxc6 16. g5 b4 17. Bxf6 Bxf6 18. gxf6 Rd8 19. Nh3 O-O 20. Nf4 Rfe8 21.
Rg1 Re5 22. Nd3 Rb5 23. f4 Nc4 24. Ne5 Rc5 25. Nxc4 Bxe4 26. Bd3 Bxd3 27. cxd3
Rf5 28. Rde1 Rxf6 29. Rgf1 Rf5 30. Kc2 Rc5 31. Kd2 Kf8 32. Rf2 d5 33. Ne3 Ra5
34. Ra1 Rd6 35. Kc2 Re6 36. Nf1 Rc5+ 37. Kb3 a5 38. a4 Ke7 39. Ng3 Re3 40. Re2
Rxe2 41. Nxe2 Kf6 42. Nd4 g5 43. fxg5+ Kxg5 44. Rf1 Kg6 45. Rf5 f6 46. h4 Rc1
47. Rxd5 Rh1 48. Nf5 Rh3 49. Rxa5 Rxd3+ 50. Kxb4 Rf3 51. Rc5 Rxf5 52. Rxf5 Kxf5
53. a5 Kg4 54. a6 f5 55. a7 f4 56. a8=Q Kxh4 57. Qf3 Kg5 58. Kc4 h4 59. Kd4 Kf5
60. b4 1-0

[Event "NVM U16 2015"]
[Site "Kiel"]
[Date "2015.09.10"]
[Round "1.2"]
[White "Korb, Ruben"]
[Black "Keyser, Robin"]
[Result "1/2-1/2"]
[WhiteElo "1656"]
[BlackElo "1722"]
[PlyCount "123"]
[EventDate "2015.??.??"]
[WhiteTeam "SV Laatzen"]
[BlackTeam "SK Johanneum Eppendorf"]

1. e4 g6 2. d4 Bg7 3. Nf3 d6 4. Bf4 Nd7 5. c3 e6 6. Bd3 b6 7. O-O Ne7 8. Re1
O-O 9. Qd2 Bb7 10. Na3 Nf6 11. Nc2 c5 12. Bh6 Qc7 13. Bxg7 Kxg7 14. b3 Rad8 15.
Rac1 Qb8 16. Qe2 d5 17. e5 Ne4 18. Bxe4 dxe4 19. Ng5 cxd4 20. cxd4 Nf5 21. Rcd1
e3 22. fxe3 h6 23. Nf3 Be4 24. Rc1 Rc8 25. Na3 Rxc1 26. Rxc1 Rc8 27. Rc4 Bd5
28. Rxc8 Qxc8 29. Nc4 b5 30. Ncd2 Bxf3 31. Nxf3 Qc3 32. Kf2 h5 33. Qd2 Qc6 34.
Qd3 Ne7 35. e4 Qb6 36. Qc3 Qa6 37. Qc2 Nc6 38. Qd2 Qb6 39. Ke3 f6 40. exf6+
Kxf6 41. Kd3 Kg7 42. Qc3 Kg8 43. Qc5 Qxc5 44. dxc5 e5 45. Kc3 Kf7 46. a4 a6 47.
axb5 axb5 48. h4 Ke6 49. Ng5+ Kf6 50. g3 Ke7 51. Nf3 Kf6 52. Nd2 Ke6 53. Nb1
Kd7 54. Kd3 Nd4 55. b4 Nc6 56. Kc3 Nd4 57. Na3 Kc6 58. Kd3 Kd7 59. Nc2 Nc6 60.
Ke3 Ke6 61. Kf3 Kf6 62. g4 1/2-1/2

[Event "NVM U16 2015"]
[Site "Kiel"]
[Date "2015.09.10"]
[Round "1.3"]
[White "Keyser, Philipp"]
[Black "Wehrhahn, Duncan"]
[Result "1-0"]
[WhiteElo "1795"]
[BlackElo "1269"]
[PlyCount "125"]
[EventDate "2015.??.??"]
[WhiteTeam "SK Johanneum Eppendorf"]
[BlackTeam "SV Laatzen"]

1. e4 e5 2. Nf3 Nc6 3. Bb5 Nf6 4. d3 Bc5 5. c3 d6 6. O-O O-O 7. Re1 Bg4 8. Nbd2
a6 9. Ba4 Ne7 10. Nf1 Ng6 11. h3 Be6 12. Ne3 c6 13. Bc2 h6 14. d4 Bb6 15. Nf5
Kh7 16. Be3 Bc7 17. Qc1 Ng8 18. Nh2 Qd7 19. dxe5 Nxe5 20. Qd1 Bxf5 21. exf5 f6
22. Ng4 Rad8 23. Qe2 Ne7 24. Nxe5 dxe5 25. Rad1 Qc8 26. Bc5 Rfe8 27. Qc4 Nd5
28. Qg4 Bd6 29. Bxd6 Rxd6 30. c4 Nb4 31. Rxd6 Nxc2 32. Red1 Nd4 33. Qg6+ Kh8
34. Qf7 Rg8 35. Rd7 b6 36. Rd3 b5 37. cxb5 axb5 38. Ra3 Qe8 39. g4 Qxf7 40.
Rxf7 Ne2+ 41. Kf1 Nf4 42. Rd7 b4 43. Rb3 c5 44. a3 Ra8 45. Rd1 bxa3 46. Rxa3
Rxa3 47. bxa3 Nxh3 48. Rc1 c4 49. Rxc4 Ng5 50. a4 Nf3 51. Rc8+ Kh7 52. a5 Nd4
53. a6 Nb5 54. Rb8 Na7 55. Rb7 Nc8 56. Rc7 Nb6 57. a7 h5 58. Rb7 Na8 59. Rb8
Nc7 60. Rc8 Na8 61. Rxa8 Kh6 62. Rc8 hxg4 63. a8=Q 1-0

[Event "NVM U16 2015"]
[Site "Kiel"]
[Date "2015.09.10"]
[Round "1.4"]
[White "Scholz, Tom"]
[Black "Lattke, Lorin"]
[Result "1/2-1/2"]
[WhiteElo "1150"]
[BlackElo "1125"]
[PlyCount "132"]
[EventDate "2015.??.??"]
[WhiteTeam "SV Laatzen"]
[BlackTeam "SK Johanneum Eppendorf"]

1. e4 e5 2. Nf3 Nc6 3. Bb5 a6 4. Ba4 Nf6 5. Nc3 Bb4 6. a3 Ba5 7. O-O O-O 8. d3
d6 9. Bg5 Bxc3 10. bxc3 Qe7 11. h3 Nd8 12. Bb3 h6 13. Bh4 Be6 14. Re1 Bxb3 15.
cxb3 Ne6 16. d4 Rad8 17. Qc2 Nf4 18. Rad1 Rfe8 19. a4 c6 20. dxe5 dxe5 21. Rxd8
Rxd8 22. c4 Rd3 23. Qb2 Rxf3 24. gxf3 Nd3 25. Qd2 Nxe1 26. Qxe1 g5 27. Bg3 Nd7
28. Qc3 f6 29. b4 Qe6 30. Kg2 Nb6 31. Qd3 Nxc4 32. a5 Nd6 33. h4 Kg7 34. Qd2
Nf7 35. Qe3 Qc4 36. Qb6 Qb5 37. Qxb5 axb5 38. Kf1 Nd8 39. Ke2 Ne6 40. hxg5 hxg5
41. Kd3 c5 42. bxc5 Nxc5+ 43. Kc3 Na6 44. Bh2 Kf7 45. f4 gxf4 46. f3 Ke6 47.
Bg1 Kd6 48. Bf2 Kc6 49. Bh4 Kc5 50. Bxf6 b4+ 51. Kb3 Kd4 52. Kc2 Ke3 53. Bxe5
Kxf3 54. Kd3 b3 55. Bb2 Nc5+ 56. Kc4 Nxe4 57. Kxb3 Nd2+ 58. Kb4 Ke3 59. Be5 f3
60. Bg3 Ne4 61. Bh4 Kf4 62. Be1 Ke3 63. Kb5 Ke2 64. Bh4 Nd6+ 65. Kb6 Nc4+ 66.
Kb5 Nxa5 1/2-1/2

[Event "NVM U16 2015"]
[Site "Kiel"]
[Date "2015.09.10"]
[Round "1.1"]
[White "Stockmann, Till"]
[Black "Rätzke von Stoyentin, Steffen"]
[Result "0-1"]
[WhiteElo "1508"]
[BlackElo "1983"]
[PlyCount "58"]
[EventDate "2015.??.??"]
[WhiteTeam "VfL Gräfenhainichen"]
[BlackTeam "SC Aurich"]

1. e4 e5 2. Nf3 Nc6 3. Bc4 Bc5 4. O-O d6 5. d3 a6 6. a3 Bg4 7. Be3 Nf6 8. Bxc5
dxc5 9. Nbd2 O-O 10. h3 Bh5 11. Qb1 Qe7 12. Nh4 Nxe4 13. Nf5 Qg5 14. Nxe4 Qxf5
15. g4 Bxg4 16. hxg4 Qxg4+ 17. Ng3 Nd4 18. Qd1 Qxd1 19. Raxd1 Nxc2 20. Bd5 c6
21. Be4 Nd4 22. Kh2 f5 23. Bg2 Rf6 24. Rh1 Rg6 25. Rde1 Re8 26. Ne2 Ne6 27. Ng3
Nf4 28. Re3 Nxg2 29. Kxg2 f4 0-1